China Close-up : creative and high-tech China (Record no. 586560)
[ view plain ]
| 000 -LEADER | |
|---|---|
| fixed length control field | 00364nam a22001337a 4500 |
| 020 ## - INTERNATIONAL STANDARD BOOK NUMBER | |
| International Standard Book Number | 9787513817400 |
| 082 ## - DEWEY DECIMAL CLASSIFICATION NUMBER | |
| Classification number | 915.1035 CHI |
| 100 ## - MAIN ENTRY--PERSONAL NAME | |
| Personal name | Sinolingua |
| 245 ## - TITLE STATEMENT | |
| Title | China Close-up : creative and high-tech China |
| Statement of responsibility, etc. | Sinolingua |
| 260 ## - PUBLICATION, DISTRIBUTION, ETC. | |
| Place of publication, distribution, etc. | Beijing |
| Name of publisher, distributor, etc. | Sinolingua |
| Date of publication, distribution, etc. | 2019 |
| 300 ## - PHYSICAL DESCRIPTION | |
| Extent | 127p |
| 942 ## - ADDED ENTRY ELEMENTS (KOHA) | |
| Source of classification or shelving scheme | |
| Koha item type | Book |
| Withdrawn status | Lost status | Source of classification or shelving scheme | Materials specified (bound volume or other part) | Damaged status | Not for loan | Permanent Location | Current Location | Shelving location | Date acquired | Full call number | Barcode | Date last seen | Price effective from | Koha item type | Source of acquisition | Total Checkouts |
|---|---|---|---|---|---|---|---|---|---|---|---|---|---|---|---|---|
| Donated by Chinese embassy in Pakistan | Central Library (CL) | Central Library (CL) | Chinese Studies | 10/15/2021 | 915.1035 CHI | CL-D-1344 | 10/15/2021 | 10/15/2021 | Book | |||||||
| Donated by Chinese embassy in Pakistan | Central Library (CL) | Central Library (CL) | Chinese Studies | 10/15/2021 | 915.1035 CHI | CL-D-1343 | 10/15/2021 | 10/15/2021 | Book | |||||||
| Donated by Chinese study center NUST | Central Library (CL) | Central Library (CL) | Chinese Studies | 11/28/2025 | 915.1035 CHI | CL-D-3165 | 11/28/2025 | 11/28/2025 | Book | Donation | ||||||
| Donated by Chinese study center NUST | Central Library (CL) | Central Library (CL) | Chinese Studies | 11/28/2025 | 915.1035 CHI | CL-D-3164 | 11/28/2025 | 11/28/2025 | Book | Donation |
